New priorities in training (Record no. 1275248)

MARC details
000 -LEADER
fixed length control field 00485nam a2200181Ia 4500
005 - DATE AND TIME OF LATEST TRANSACTION
control field 20250326124808.0
008 - FIXED-LENGTH DATA ELEMENTS--GENERAL INFORMATION
fixed length control field 250326s9999 xx 000 0 und d
037 ## - SOURCE OF ACQUISITION
Stock number Textbook
040 ## - CATALOGING SOURCE
Original cataloging agency FMSL
Language of cataloging eng
Transcribing agency FMSL
041 ## - LANGUAGE CODE
Language code of text/sound track or separate title eng
Source of code eng
084 ## - COLON CLASSIFICATION NUMBER
Classification number X:89ZB K91
Assigning agency FMSL
100 ## - MAIN ENTRY--PERSONAL NAME
Personal name Bienvenu B J
9 (RLIN) 737994
245 #0 - TITLE STATEMENT
Title New priorities in training
Statement of responsibility, etc. Bienvenu B J
260 ## - PUBLICATION, DISTRIBUTION, ETC.
Place of publication, distribution, etc. USA
Name of publisher, distributor, etc. USA, AMA
Date of publication, distribution, etc. 1969
300 ## - PHYSICAL DESCRIPTION
Extent 207p
942 ## - ADDED ENTRY ELEMENTS (KOHA)
Koha item type Textbook
Classification part X:89ZB K91
Holdings
Withdrawn status Lost status Damaged status Not for loan Home library Current library Date acquired Total Checkouts Full call number Barcode Date last seen Price effective from Koha item type
        Faculty of Management Library Faculty of Management Library 2025-03-26   X:89ZB K91 ML0006495 2025-03-26 2025-03-26 Textbook
Copyright @ Delhi University Library System